00704pam a2200229 a 4500001000800000005001700008008004100025010001700066020002300083020002700106040001800133041000800151080001800159082002200177100000700199101000800206245006900214906004500283942001200328999001700340952011700357159618820180312091247.0940311s1994 vaua f 001 0 eng  a 94013264  a0783538502 (trade) a0783538510 (lib. bdg.) aDLCcDLCdDLC aeng a690..184 JAM00a690..184 JAM220 a42 aNDE00aDecks, porches, and patios /cby the editors of Time-Life Books. a7bcbccorignewd1eocipf19gy-gencatlg 2ddccBK c44765d44765 00102udc40708PËKGa002b002cPËKGd2018-03-12l0o690..184 JAMp002-3001396r2018-03-12w2018-03-12yBK